Vista normal
Vista MARC
Entrada Topical Term
Número de registros utilizados en: 1
001 - CONTROL NUMBER
- control field: 41790
003 - CONTROL NUMBER IDENTIFIER
- control field: OSt
005 - DATE AND TIME OF LATEST TRANSACTION
- control field: 20211207154242.0
008 - FIXED-LENGTH DATA ELEMENTS
- fixed length control field: 211207|| aca||aabn | a|a d
040 ## - CATALOGING SOURCE
- Original cataloging agency: OSt
- Transcribing agency: OSt
150 ## - HEADING--TOPICAL TERM
- Topical term or geographic name entry element: Investigación en la literatura
- Geographic subdivision: Francia - Paris
670 ## - SOURCE DATA FOUND
- Source citation: Work cat.: (OSt): Simenon, Georges, autor 11895, Maigret y el ladrón perezoso / , 1987